| 000 | 00623nam a2200181 a 4500 | ||
|---|---|---|---|
| 005 | 20260417143223.0 | ||
| 008 | 260311s2026##################000#0#eng## | ||
| 020 |
_a9780335214655 _qpbk |
||
| 082 | 0 | 4 | _a362.1782094 MOS |
| 100 | _aedited by Mossialos,Elias | ||
| 245 | 1 | 0 |
_aRegulating Pharmaceuticals In Europe: Striving For Efficiency, Equity, And Quality _c\edited by Elias Mossialos , Monique Mrazek ,and Tom Walley |
| 250 | _a1st ed. | ||
| 260 |
_aEngland: _bOpen Univ Pr, _c2004. |
||
| 300 |
_aXIX,368p. _c;24cm. |
||
| 650 | _aEnvironmental health | ||
| 650 | _aPublic health service in Europe | ||
| 942 | _cENGLISH | ||
| 999 |
_c617539 _d617539 |
||